000
00197 a2200097 4500
020
_a
9780545215787
041
_a
eng
100
_a
Bridwell,Norman
245
_a
Clifford the Big red Dog
942
_c
BK
999
_c
31802
_d
31800